Smutná diaľničná realita
Výstavba diaľníc na Slovensku napreduje pomaly. Snahu stavať rýchlejšie brzdia tendre a vraj aj nízke ceny. Stav výstavby diaľníc a rýchlostných ciest na Slovensku.
Salvato in:
| Autore principale: | |
|---|---|
| Natura: | Capitolo di libro |
| Lingua: | slovacco |
| Soggetti: | |
| Tags: |
Nessun Tag, puoi essere il primo ad aggiungerne!!
|
MARC
| LEADER | 00000naa a2200000 4500 | ||
|---|---|---|---|
| 001 | 0162174 | ||
| 005 | 20231113080535.5 | ||
| 041 | 0 | |a slo | |
| 044 | |a SK | ||
| 245 | 1 | 0 | |a Smutná diaľničná realita |c Jana Morháčová |
| 520 | |a Výstavba diaľníc na Slovensku napreduje pomaly. Snahu stavať rýchlejšie brzdia tendre a vraj aj nízke ceny. Stav výstavby diaľníc a rýchlostných ciest na Slovensku. | ||
| 610 | 2 | 0 | |a stavba ciest |
| 610 | 2 | 0 | |a diaľnice |
| 610 | 2 | 0 | |a Slovensko |
| 100 | 1 | |a Morháčová, Jana | |